<?xml version="1.0" encoding="UTF-8"?>
<record
    xmlns:xsi="http://www.w3.org/2001/XMLSchema-instance"
    xsi:schemaLocation="http://www.loc.gov/MARC21/slim http://www.loc.gov/standards/marcxml/schema/MARC21slim.xsd"
    xmlns="http://www.loc.gov/MARC21/slim">

  <leader>00713nam a2200169Ia 4500</leader>
  <controlfield tag="008">090711s9999    xx            000 0 und d</controlfield>
  <datafield tag="082" ind1=" " ind2=" ">
    <subfield code="b">1905</subfield>
  </datafield>
  <datafield tag="100" ind1=" " ind2=" ">
    <subfield code="a">&#x926;&#x947;&#x936;&#x92A;&#x93E;&#x902;&#x921;&#x947; &#x92E;&#x93E;&#x927;&#x935; &#x915;&#x93E;.</subfield>
  </datafield>
  <datafield tag="245" ind1=" " ind2=" ">
    <subfield code="a">&#x906;S&#x93E;&#x93E;&#x930;&#x94D;&#x92F; &#x905;&#x924;&#x94D;&#x930;&#x947; S&#x93E;&#x930;&#x93F;&#x924;&#x94D;&#x930; &#x906;&#x923;&#x93F; &#x935;&#x93E;I&#x92E;&#x92F;</subfield>
  </datafield>
  <datafield tag="260" ind1=" " ind2=" ">
    <subfield code="b">&#x92F;&#x936;&#x935;&#x902;&#x924; &#x917;&#x94B;&#x92A;&#x93E;&#x933; &#x91C;&#x94B;&#x936;&#x940;</subfield>
    <subfield code="c">2001</subfield>
  </datafield>
  <datafield tag="300" ind1=" " ind2=" ">
    <subfield code="a">104</subfield>
  </datafield>
  <datafield tag="600" ind1=" " ind2=" ">
    <subfield code="a">&#x926;&#x947;&#x936;&#x92A;&#x93E;&#x902;&#x921;&#x947; &#x92E;&#x93E;&#x927;&#x935; &#x915;&#x93E;.</subfield>
  </datafield>
  <datafield tag="630" ind1=" " ind2=" ">
    <subfield code="a">&#x906;S&#x93E;&#x93E;&#x930;&#x94D;&#x92F; &#x905;&#x924;&#x94D;&#x930;&#x947; S&#x93E;&#x930;&#x93F;&#x924;&#x94D;&#x930; &#x906;&#x923;&#x93F; &#x935;&#x93E;I&#x92E;&#x92F;</subfield>
  </datafield>
  <datafield tag="700" ind1=" " ind2=" ">
    <subfield code="a">&#x926;&#x947;&#x936;&#x92A;&#x93E;&#x902;&#x921;&#x947; &#x92E;&#x93E;&#x927;&#x935; &#x915;&#x93E;.</subfield>
  </datafield>
  <datafield tag="730" ind1=" " ind2=" ">
    <subfield code="a">&#x906;S&#x93E;&#x93E;&#x930;&#x94D;&#x92F; &#x905;&#x924;&#x94D;&#x930;&#x947; S&#x93E;&#x930;&#x93F;&#x924;&#x94D;&#x930; &#x906;&#x923;&#x93F; &#x935;&#x93E;I&#x92E;&#x92F;</subfield>
  </datafield>
  <datafield tag="942" ind1=" " ind2=" ">
    <subfield code="c">BOOK</subfield>
  </datafield>
  <datafield tag="999" ind1=" " ind2=" ">
    <subfield code="c">338950</subfield>
    <subfield code="d">338947</subfield>
  </datafield>
</record>
